Mi cuaderno de trabajo de quinto año : historia y civismo

Gespeichert in:
Bibliographische Detailangaben
Körperschaft: México. Comisión Nacional de los Libros de Texto Gratuitos.
Weitere Verfasser: Monroy Gutiérrez, Amelia.
Format: Buch
Sprache:Spanisch
Erschienen: México : Secretaría de Educación Pública, Comisión Nacional de los Libros de Texto Gratuitos, 1965.
Ausgabe:2a. ed.
Katalog:MANES:  Suchergebnis im Bibliothekskatalog
Schulbuchspezifische Eigenschaften:
Schriftenreihe:Libro de texto gratuito
Tags: Tag hinzufügen
Keine Tags, Fügen Sie den ersten Tag hinzu!
Hinzugefügt zu:02.07.2008
Geändert in:08.05.2025

MARC

LEADER 00000cam a2200000 a 4500
003 OSt
005 20250508092029.0
008 080703n1965 mx a f 000 0 spa d
040 |a CINV  |c CINV 
050 0 4 |a LTG LB1582  |b M49c 5º 1965 
051 0 4 |a LTG LB1582-M49c 5º 1965 
110 2 |a México.  |b Comisión Nacional de los Libros de Texto Gratuitos. 
245 1 0 |a Mi cuaderno de trabajo de quinto año :  |b historia y civismo /  |c Amelia Monroy Gutiérrez. 
250 |a 2a. ed. 
260 |a México :  |b Secretaría de Educación Pública, Comisión Nacional de los Libros de Texto Gratuitos,  |c 1965. 
300 |a 123 p. :  |b il. ;  |c 27 cm. 
440 |a Libro de texto gratuito  |9 21882 
546 |a México 
561 |5 mx-CINVES  |a México. DIE-Cinvestav (Ciudad de México)  |k MANES 
691 0 |a PRI 
700 1 |a Monroy Gutiérrez, Amelia.  |9 21530 
910 |a E-35317  |b Don.- 1965. 
911 |a E-35317 
942 |2 ddc  |c BK 
999 |c 54713  |d 54713 
999 |c manes:54713  |d 54713